S.O.S. (Record n. 100718)
[ formato base ]
| 000 -LEADER | |
|---|---|
| fixed length control field | 02572njm a2200397Ia 4500 |
| 001 - CONTROL NUMBER | |
| control field | 26560 |
| 003 - CONTROL NUMBER IDENTIFIER | |
| control field | IT-RoPAU |
| 005 - DATE AND TIME OF LATEST TRANSACTION | |
| control field | 20220918181132.0 |
| 008 - FIXED-LENGTH DATA ELEMENTS--GENERAL INFORMATION | |
| fixed length control field | 131025s9999 xx 000 0 und d |
| 040 ## - CATALOGING SOURCE | |
| Original cataloging agency | IT-RoPAU |
| 040 ## - CATALOGING SOURCE | |
| Transcribing agency | IT-RoPAU |
| 999 ## - SYSTEM CONTROL NUMBERS (KOHA) | |
| Koha Dewey Subclass [OBSOLETE] | n.d. |
| 100 ## - MAIN ENTRY--PERSONAL NAME | |
| Personal name | AA.VV. |
| 9 (RLIN) | 794 |
| 100 ## - MAIN ENTRY--PERSONAL NAME | |
| Relator term | Autore musica |
| 9 (RLIN) | 15829 |
| 100 ## - MAIN ENTRY--PERSONAL NAME | |
| Miscellaneous information | Codice autore musica SPICS: 12000 |
| 9 (RLIN) | 796 |
| 245 ## - TITLE STATEMENT | |
| Title | S.O.S. |
| 250 ## - EDITION STATEMENT | |
| Edition statement | 1a ed. |
| 260 ## - PUBLICATION, DISTRIBUTION, ETC. (IMPRINT) | |
| Place of publication, distribution, etc. | ROMA |
| 260 ## - PUBLICATION, DISTRIBUTION, ETC. (IMPRINT) | |
| Name of publisher, distributor, etc. | SPICS RECORDS |
| Date of publication, distribution, etc. | 1985 [1a Ed.:1972 - Ed. Lingua Orig.: 1972] |
| 300 ## - PHYSICAL DESCRIPTION | |
| Extent | MUSICASSETTA |
| 500 ## - GENERAL NOTE | |
| General note | Musica strumentale. Arrangiamento. |
| 505 ## - FORMATTED CONTENTS NOTE | |
| Formatted contents note | Minuetto - Adagio in sol min - Amadeus and the Banjo From 40Th Symphony - Save Our Souls From Jesus Joy of Man's Desiring - Magpie's Bagpipes From the Thieving Magpie - Fantasy Land From New World Symphony - Waterloo's Stamp From 5 Symphony - And the Shoes Fits. Ouv. From La Cenerentola - Grass Machine From La Primavera - Analising Three From Eine Kleine Nachmusik - Senn Thru the Ears of the Allelujah Chorus - Night On Bare Mountain |
| 650 ## - SUBJECT ADDED ENTRY--TOPICAL TERM | |
| Topical term or geographic name as entry element | STRUMENTALE [CASSETTE] |
| Relator term | Codice MATERIA SPICS: 9951 |
| 9 (RLIN) | 1218 |
| 700 ## - ADDED ENTRY--PERSONAL NAME | |
| Personal name | Mimms Tony |
| Miscellaneous information | Codice autore e interprete SPICS: 9968 |
| Relator term | Autore e interprete |
| 9 (RLIN) | 15830 |
| 700 ## - ADDED ENTRY--PERSONAL NAME | |
| Personal name | Boccherini Luigi |
| Miscellaneous information | Codice autore musica SPICS: 7898 |
| Relator term | Autore musica |
| Name of part/section of a work | Minuetto |
| 9 (RLIN) | 15831 |
| 700 ## - ADDED ENTRY--PERSONAL NAME | |
| Personal name | Albinoni Tomaso |
| Miscellaneous information | Codice autore musica SPICS: 7834 |
| Relator term | Autore musica |
| Name of part/section of a work | Adagio in sol min |
| 9 (RLIN) | 15832 |
| 700 ## - ADDED ENTRY--PERSONAL NAME | |
| Personal name | Mozart Wolfgang Amadeus |
| Miscellaneous information | Codice autore musica SPICS: 3486 |
| Relator term | Autore musica |
| Name of part/section of a work | Codice autore musica SPICS: 3486 - Analising Three From Eine Kleine Nachmusik |
| 9 (RLIN) | 15833 |
| 700 ## - ADDED ENTRY--PERSONAL NAME | |
| Personal name | Bach Johann Sebastian |
| Miscellaneous information | Codice autore musica SPICS: 9695 |
| Relator term | Autore musica |
| Name of part/section of a work | Save Our Souls From Jesus Joy of Man's Desiring |
| 9 (RLIN) | 15834 |
| 700 ## - ADDED ENTRY--PERSONAL NAME | |
| Personal name | Rossini Gioachino |
| Miscellaneous information | Codice autore musica SPICS: 11125 |
| Relator term | Autore musica |
| Name of part/section of a work | Magpie's Bagpipes From the Thieving Magpie - And the Shoes Fits. Ouv. From La Cenerentola |
| 9 (RLIN) | 15835 |
| 700 ## - ADDED ENTRY--PERSONAL NAME | |
| Personal name | Dvorak Antonin |
| Miscellaneous information | Codice autore musica SPICS: 10772 |
| Relator term | Autore musica |
| Name of part/section of a work | Fantasy Land From New World Symphony |
| 9 (RLIN) | 15836 |
| 700 ## - ADDED ENTRY--PERSONAL NAME | |
| Personal name | Beethoven Ludwig Van |
| Miscellaneous information | Codice autore musica SPICS: 10721 |
| Relator term | Autore musica |
| Name of part/section of a work | Waterloo's Stamp From 5 Symphony |
| 9 (RLIN) | 15837 |
| 700 ## - ADDED ENTRY--PERSONAL NAME | |
| Personal name | Vivaldi Antonio |
| Miscellaneous information | Codice autore musica SPICS: 11195 |
| Relator term | Autore musica |
| Name of part/section of a work | Grass Machine From La Primavera |
| 9 (RLIN) | 15838 |
| 700 ## - ADDED ENTRY--PERSONAL NAME | |
| Personal name | Handel Georg Friedrich |
| Miscellaneous information | Codice autore musica SPICS: 5619 |
| Relator term | Autore musica |
| Name of part/section of a work | Senn Thru the Ears of the Allelujah Chorus |
| 9 (RLIN) | 15839 |
| 700 ## - ADDED ENTRY--PERSONAL NAME | |
| Personal name | Musorgskij Modest |
| Miscellaneous information | Codice autore musica SPICS: 3431 |
| Relator term | Autore musica |
| Name of part/section of a work | Night On Bare Mountain |
| 9 (RLIN) | 15840 |
| 942 ## - ADDED ENTRY ELEMENTS (KOHA) | |
| Koha item type | MUSICASSETTE |
| Source of classification or shelving scheme | Dewey Decimal Classification |
| Withdrawn status | Lost status | Damaged status | Not for loan | Home library | Current library | Date acquired | Total Checkouts | Full call number | Date last seen | Price effective from | Koha item type | Public note |
|---|---|---|---|---|---|---|---|---|---|---|---|---|
| Buone Condizioni | Not For Loan | SPICS-MEDIATECA | SPICS-MEDIATECA | 25/10/2013 | 26560 | 25/10/2013 | 25/10/2013 | MUSICASSETTE | Progr. Ins.: 6119 / N.Vol.: 1 / Copie: 1 - Copia rara: n.d. / date import: 01.01.2014 - By Epidotti, Trombetti, Vaglietti |